Normal view
MARC view
- Long, Calvin T
Entry Personal Name
001 - CONTROL NUMBER
- control field: 102187
003 - CONTROL NUMBER IDENTIFIER
- control field: NUST
005 - DATE AND TIME OF LATEST TRANSACTION
- control field: 20221101120828.0
008 - FIXED-LENGTH DATA ELEMENTS
- fixed length control field: 221101|| aca||aabn | a|a d
040 ## - CATALOGING SOURCE
- Original cataloging agency: NUST
- Transcribing agency: NUST
100 ## - HEADING--PERSONAL NAME
- Personal name: Long, Calvin T
670 ## - SOURCE DATA FOUND
- Source citation: Work cat.: (NUST)0: Long, Calvin T., Mathematical reasoning for elementary teachers /
